Statistics for Country Shape Quiz - North America

Click here to take the quiz!

General Stats

  • This quiz has been taken 52 times
  • The average score is 20 of 23

Answer Stats

Answer% Correct
Canada
100%
Belize
96%
Cuba
96%
Mexico
96%
Haiti
93%
Panama
93%
Costa Rica
93%
The Bahamas
93%
USA
91%
Dominica
91%
Nicaragua
91%
Jamaica
89%
Guatemala
89%
El Salvador
87%
Dominican Republic
87%
St Kitts and Nevis
87%
Antigua and Barbuda
87%
Honduras
84%
Barbados
84%
Trinidad and Tobago
84%
St Lucia
80%
St Vincent and the Grenadines
80%
Grenada
78%

Score Distribution

Percentile by Number Answered

Percent of People with Each Score

Your Score History

You have not taken this quiz